00876nam a2200241 a 4500001000200000003000900002005001700011008003400028020001500062040002500077082003000102100002800132100002800160245008700188260003800275300003600313500003500349600003000384650003000414650004900444651007500493651006600568 DO-SdBNP20211012134956.0100819s2001 dr ac 001 0bspa d a9993420166 aDO-SdBNPbspacBPMSU a972.93053bC436m 20012221 aChaljub Mejía, Rafaelz aMejía, Rafael Chaljub10aMerardo Germán :bun guerrillero de Constanza, relato /cRafael Chaljub Mejía. aSanto Domingo :bManatí,c2001. a118 p. :bil., retrs. ;c21 cm. aIncluye índice onomástico.14aGermán, Mercado d1910- 4aPersecusiones políticas 4aGuerrillaszRepública DominicanaxHistoria 4aRepública DominicanaxHistoriayInvasión, 1959xRelatos personales 4aRepública DominicanaxHistoriayEera de Trujillo, 1930-1961